| 000 | 00939cad a22002535a 4500 | ||
|---|---|---|---|
| 001 | L154690 | ||
| 008 | 120113s2012 xxkqr p 0 a0eng u | ||
| 035 | _a(Sirsi) u154690 | ||
| 041 | 0 | _aeng | |
| 100 | 1 | _aFrame, Shona | |
| 245 | 0 | 0 |
_aLessons to be learnt from across the pond _bfirst BIM dispute in the US _h[electronic resource] |
| 260 |
_a[S.l.] _bMacRoberts LLP _c2011 |
||
| 520 | _aThis article discusses the first American dispute involving BIM. | ||
| 590 | _aKA NTK | ||
| 650 | 2 | 4 | _aBUILDING INFORMATION MODELLING |
| 650 | 2 | 4 |
_aBIM _96219 |
| 651 | 4 |
_aUnited States _y1959- |
|
| 690 |
_aBIM _96219 |
||
| 690 |
_aDispute resolution _96236 |
||
| 700 | 1 | _aBaillie, Margaret | |
| 710 | 1 |
_aMacRoberts _93526 |
|
| 856 | 4 | 0 |
_uhttps://www.mondaq.com/x/159874/Building+Construction/Lessons+To+Be+Learnt+From+Across+The+Pond+First+BIM+Dispute+In+The+US&email_access=on _zView the article free of charge at www.mondaq.com |
| 942 | _n0 | ||
| 999 |
_c113107 _d113107 |
||